000 00713nam a2200265Ia 4500
005 20260121172407.0
008 008 260114s9999 xx 000 0 eng d
020 _a9783030708818
037 _aEBOOK
040 _aCRL
040 _beng
040 _cCRL
041 _2eng
041 _aeng
084 _qCRL
100 _aGabriela Nicolescu, Assia Tria, José M. Fernandez, Jean-Yves Marion, Joaquin Garcia-Alfaro
_91087880
245 0 _aFoundations and Practice of Security
260 _bSpringer
260 _bSpringer
260 _c2021
856 _uhttps://link.springer.com/openurl?genre=book&isbn=978-3-030-70881-8
942 _cEBOOK
999 _c1653619
_d1653619